| 000 | 005770000a22001930004500 | ||
|---|---|---|---|
| 090 |
_aAR _b03567 |
||
| 245 | 1 | 0 | _aPopulation movements of Arthropods between natural and cultivated areas |
| 500 | _aColección uso y valoración | ||
| 650 | 1 | 4 |
_aEcología del paisaje _992227 |
| 650 | 1 | 4 |
_aFragmentación _9150 |
| 650 | 1 | 4 |
_aAgroecología _9230 |
| 650 | 1 | 4 |
_aPaisajes rurales _92419 |
| 650 | 1 | 4 |
_aArtrópodos _92658 |
| 651 | 4 |
_pSuiza _992749 |
|
| 041 | 0 | _aInglés | |
| 100 | 1 |
_aDuelli, Peter _997204 |
|
| 942 | _cARTICULO | ||
| 773 | 1 |
_tBiological Conservation _q193-207 _d1990 _g54 |
|
| 999 |
_c12617 _d12617 |
||